| 000 | 01888cam a22003974a 4500 | ||
|---|---|---|---|
| 001 | 15239466 | ||
| 005 | 20080814115829.0 | ||
| 008 | 080329s2007 enk |rb 001 0 eng c | ||
| 010 | _a 2008295835 | ||
| 015 |
_aGBA807579 _2bnb |
||
| 016 | 7 |
_a014277305 _2Uk |
|
| 020 | _a9780521878425 (hardback) | ||
| 020 | _a052187842X (hardback) | ||
| 020 | _a9780521702683 (pbk.) | ||
| 020 | _a0521702682 (pbk.) | ||
| 035 | _a(OCoLC)ocn176918883 | ||
| 040 |
_aCOO _cCOO _dUKM _dBTCTA _dBAKER _dDLC |
||
| 042 | _apcc | ||
| 050 | 0 | 0 |
_aJC423 _b.N68 2007 |
| 082 | 0 | 0 |
_a321.8 _222 _bNOR |
| 100 | 1 |
_aNorval, Aletta J. _93847 |
|
| 245 | 1 | 0 |
_aAversive Democracy : _bInheritance and Originality in the Democratic Tradition / _cAletta J. Norval. |
| 260 |
_aCambridge ; _aNew York : _bCambridge University Press, 2007 _cc2007. |
||
| 300 |
_ax, 238 p. ; _c24 cm. |
||
| 504 | _aIncludes bibliographical references (p. [215]-229) and index. | ||
| 650 | 0 |
_aDemocracy. _93848 |
|
| 650 | 0 |
_aDemocracy _xPhilosophy. _93849 |
|
| 650 | 0 |
_aPolitical participation. _93850 |
|
| 856 | 4 | 2 |
_3Contributor biographical information _uhttp://www.loc.gov/catdir/enhancements/fy0827/2008295835-b.html |
| 856 | 4 | 2 |
_3Publisher description _uhttp://www.loc.gov/catdir/enhancements/fy0827/2008295835-d.html |
| 856 | 4 | 1 |
_3Table of contents only _uhttp://www.loc.gov/catdir/enhancements/fy0827/2008295835-t.html |
| 942 |
_2ddc _cBB |
||
| 999 |
_c11330 _d11330 |
||